[Event "Washington State Invitational"]
[Site "Redmond"]
[Date "2009.02.15"]
[Round "8"]
[White "Pazderic, Nicola"]
[Black "Kolde, Sterling"]
[Result "1/2-1/2"]
[WhiteElo "1856"]
[BlackElo "1822"]
[PlyCount "24"]
[EventDate "2009.02.07"]
[EventType "tourn"]
[EventRounds "9"]
[EventCountry "USA"]
[SourceTitle "EXT 2017"]
[Source "ChessBase"]
[SourceDate "2016.10.25"]
[SourceVersion "1"]
[SourceVersionDate "2016.10.25"]
[SourceQuality "1"]

1. d4 Nf6 2. c4 e5 3. dxe5 Ne4 4. Nf3 d6 5. g3 Nc6 6. Bg2 Nc5 7. 0-0 Nxe5 8. Qc2 g6 9. Nd4 Bg7 10. Rd1 0-0 11. Nc3 Nxc4 12. Nd5 Nb6 1/2-1/2

[Event "Washington State Invitational"]
[Site "Redmond"]
[Date "2009.02.08"]
[Round "3"]
[White "Kolde, Sterling"]
[Black "Kalina, Chris"]
[Result "1-0"]
[WhiteElo "1822"]
[BlackElo "1945"]
[PlyCount "63"]
[EventDate "2009.02.07"]
[EventType "tourn"]
[EventRounds "9"]
[EventCountry "USA"]
[SourceTitle "EXT 2017"]
[Source "ChessBase"]
[SourceDate "2016.10.25"]
[SourceVersion "1"]
[SourceVersionDate "2016.10.25"]
[SourceQuality "1"]

1. d4 b6 2. e4 Bb7 3. Bd3 f5 4. exf5 Nf6 5. Nf3 d6 6. 0-0 Nbd7 7. c4 c5 8. d5 h6 9. Re1 Qc7 10. b3 0-0-0 11. Bb2 Re8 12. h3 g5 13. fxg6 Bg7 14. Nc3 Kb8 15. Ne2 e5 16. Ng3 Rhg8 17. Qc2 Ref8 18. Bf5 Bc8 19. Be6 Rh8 20. Nf5 Ne8 21. Nxg7 Nxg7 22. Bxd7 Bxd7 23. Nxe5 Bf5 24. Qd2 Kb7 25. Nc6 Re8 26. Rxe8 Rxe8 27. Qxh6 Ne6 28. Qh7 Qxh7 29. gxh7 Bxh7 30. Re1 Bg6 31. Bf6 a6 32. Nd8+ 1-0

[Event "Washington State Invitational"]
[Site "Redmond"]
[Date "2009.02.08"]
[Round "4"]
[White "Polich, Duane"]
[Black "Kolde, Sterling"]
[Result "0-1"]
[WhiteElo "1913"]
[BlackElo "1822"]
[PlyCount "116"]
[EventDate "2009.02.07"]
[EventType "tourn"]
[EventRounds "9"]
[EventCountry "USA"]
[SourceTitle "EXT 2017"]
[Source "ChessBase"]
[SourceDate "2016.10.25"]
[SourceVersion "1"]
[SourceVersionDate "2016.10.25"]
[SourceQuality "1"]

1. b3 e5 2. e3 d6 3. Bb2 Nc6 4. d4 exd4 5. exd4 d5 6. Nf3 Bg4 7. Be2 Bxf3 8. Bxf3 Qe7+ 9. Qe2 0-0-0 10. 0-0 Qxe2 11. Bxe2 Nf6 12. Nd2 Bd6 13. c3 Rhe8 14. Bb5 a6 15. Bd3 g6 16. b4 Nb8 17. a4 b6 18. Nb3 Kb7 19. a5 b5 20. Nc5+ Bxc5 21. bxc5 c6 22. Bc1 Re6 23. f3 Rde8 24. Kf2 Nbd7 25. Bf4 Kc8 26. g4 h5 27. g5 Ng8 28. Rae1 Rxe1 29. Rxe1 Rxe1 30. Kxe1 Nf8 31. Bd6 Ne6 32. h4 Kd8 33. Kf2 Ne7 34. Bxe7+ Kxe7 35. Ke3 Nd8 36. f4 f5 37. Kd2 Nb7 38. Kc2 Nd8 39. Kd2 Ne6 40. Ke3 Nd8 41. Kd2 Nb7 42. Ke2 Nxa5 43. Kd2 Nb7 44. Bc2 a5 45. Bb3 Nd8 46. Kd3 Ne6 47. Ke3 Kd7 48. Bc2 Kc7 49. Bb3 Kb7 50. Bc2 Ka6 51. Bb3 a4 52. Ba2 Ka5 53. Bb1 b4 54. cxb4+ Kxb4 55. Bd3 a3 56. Ba6 a2 57. Bc8 a1Q 58. Bxe6 Qe1+ 0-1

[Event "Washington State Invitational"]
[Site "Seattle"]
[Date "2008.02.10"]
[Round "3"]
[White "Kolde, Sterling"]
[Black "Chang, Eddie Cheng Ho"]
[Result "1-0"]
[WhiteElo "1825"]
[BlackElo "1842"]
[PlyCount "69"]
[EventDate "2008.02.09"]
[EventType "tourn"]
[EventRounds "9"]
[EventCountry "USA"]
[SourceTitle "EXT 2017"]
[Source "ChessBase"]
[SourceDate "2016.10.25"]
[SourceVersion "1"]
[SourceVersionDate "2016.10.25"]
[SourceQuality "1"]

1. e4 e6 2. d4 d5 3. Nc3 h6 4. Nf3 Nf6 5. e5 Ne4 6. Bd3 Bb4 7. Bd2 Nxd2 8. Qxd2 c5 9. a3 cxd4 10. axb4 dxc3 11. bxc3 0-0 12. 0-0 Qc7 13. Rae1 Nd7 14. Re3 Nb6 15. Nd4 Bd7 16. Rg3 Qxe5 17. Qxh6 f5 18. f4 Qf6 19. Rg6 Qf7 20. Rf3 Be8 21. Rfg3 Qxg6 22. Rxg6 Bxg6 23. Qxg6 Rf6 24. Qg3 Rc8 25. Nxe6 Rxe6 26. Bxf5 Rec6 27. Bxc8 Rxc8 28. Qd3 Rc4 29. g3 Kf7 30. h4 g6 31. Kf2 Kf6 32. Qe3 Nd7 33. Qxa7 Kf5 34. Qxb7 Nf6 35. Qf7 1-0